MARC details
| 000 -LEADER |
| campo de control de longitud fija |
02175nam a2200541 i 4500 |
| 001 - NÚMERO DE CONTROL |
| campo de control |
197703 |
| 003 - IDENTIFICADOR DE NÚMERO DE CONTROL |
| campo de control |
SpMaBN |
| 005 - FECHA Y HORA DE LA ÚLTIMA TRANSACCIÓN |
| campo de control |
20250828063305.0 |
| 008 - DATOS DE LONGITUD FIJA--INFORMACIÓN GENERAL |
| campo de control de longitud fija |
250701m20249999sp |||||| 000 0cspa| |
| 015 ## - NÚMERO DE BIBLIOGRAFÍA NACIONAL |
| Número de bibliografía nacional |
MON24 |
| 017 ## - NÚMERO DE COPYRIGHT O DE DEPÓSITO LEGAL |
| Número de copyright o de depósito legal |
M 26264-2024 |
| Agencia que asigna |
Oficina Depósito Legal Madrid |
| 020 ## - NÚMERO INTERNACIONAL ESTÁNDAR DEL LIBRO |
| Número Internacional Estándar del Libro |
9788499614717 |
| 035 ## - NÚMERO DE CONTROL DEL SISTEMA |
| Número de control de sistema |
(OCoLC)1513226833 |
| 040 ## - FUENTE DE CATALOGACIÓN |
| Centro catalogador/agencia de origen |
SpMaBN |
| Lengua de catalogación |
spa |
| Centro/agencia transcriptor |
SpMaBN |
| Normas de descripción |
rda |
| 080 ## - NÚMERO DE LA CLASIFICACIÓN DECIMAL UNIVERSAL |
| Número de la Clasificación Decimal Universal |
929(460):33-051 |
| 245 00 - MENCIÓN DEL TÍTULO |
| Título |
36 ilustres economistas españoles / |
| Mención de responsabilidad, etc. |
Luis Perdices de Blas (coordinador). |
| 246 3# - FORMA VARIANTE DEL TITULO |
| Título propio/Titulo breve |
Treinta y seis ilustres economistas españoles |
| 264 #1 - PRODUCCIÓN, PUBLICACIÓN, DISTRIBUCIÓN, FABRICACIÓN Y COPYRIGHT |
| Producción, publicación, distribución, fabricación y copyright |
Madrid : |
| Nombre del de productor, editor, distribuidor, fabricante |
Fundación Ramón Areces, |
| Fecha de producción, publicación, distribución, fabricación o copyright |
[2024-]. |
| 300 ## - DESCRIPCIÓN FÍSICA |
| Extensión |
294 páginas ; |
| Dimensiones |
24 cm. |
| 336 ## - TIPO DE CONTENIDO |
| Término de tipo de contenido |
Texto |
| Fuente |
rdacontent |
| 337 ## - TIPO DE MEDIO |
| Nombre/término del tipo de medio |
sin mediación |
| Fuente |
rdamedia |
| 338 ## - TIPO DE SOPORTE |
| Nombre/término del tipo de soporte |
volumen |
| Fuente |
rdacarrier |
| 504 ## - NOTA DE BIBLIOGRAFÍA, ETC. |
| Nota de bibliografía, etc. |
Incluye referencias bibliográficas |
| 600 14 - PUNTO DE ACCESO ADICIONAL DE MATERIA--NOMBRE DE PERSONA |
| 9 (RLIN) |
107479 |
| Nombre de persona |
Soto, Domingo de, |
| Fechas asociadas al nombre |
1495-1560 |
| 600 14 - PUNTO DE ACCESO ADICIONAL DE MATERIA--NOMBRE DE PERSONA |
| 9 (RLIN) |
24354 |
| Nombre de persona |
Azpilcueta, Martín de |
| 600 14 - PUNTO DE ACCESO ADICIONAL DE MATERIA--NOMBRE DE PERSONA |
| 9 (RLIN) |
80438 |
| Nombre de persona |
Mercado, Tomás de |
| 600 17 - PUNTO DE ACCESO ADICIONAL DE MATERIA--NOMBRE DE PERSONA |
| 9 (RLIN) |
167935 |
| Nombre de persona |
Molina, Luis de, |
| Fechas asociadas al nombre |
1535-1600 |
| 600 14 - PUNTO DE ACCESO ADICIONAL DE MATERIA--NOMBRE DE PERSONA |
| 9 (RLIN) |
76675 |
| Nombre de persona |
Mariana, Juan de, |
| Fechas asociadas al nombre |
1536-1624 |
| 600 #4 - PUNTO DE ACCESO ADICIONAL DE MATERIA--NOMBRE DE PERSONA |
| Nombre de persona |
Ortiz, Luis de |
| 9 (RLIN) |
242103 |
| 600 #4 - PUNTO DE ACCESO ADICIONAL DE MATERIA--NOMBRE DE PERSONA |
| Nombre de persona |
González de Cellorigo, Martín de, |
| Fechas asociadas al nombre |
c. 1559-c. 1632 |
| 9 (RLIN) |
242104 |
| 600 14 - PUNTO DE ACCESO ADICIONAL DE MATERIA--NOMBRE DE PERSONA |
| 9 (RLIN) |
82120 |
| Nombre de persona |
Moncada, Sancho de, |
| Fechas asociadas al nombre |
1580-1638 |
| 600 04 - PUNTO DE ACCESO ADICIONAL DE MATERIA--NOMBRE DE PERSONA |
| 9 (RLIN) |
78016 |
| Nombre de persona |
Martínez de Mata, Francisco |
| 600 17 - PUNTO DE ACCESO ADICIONAL DE MATERIA--NOMBRE DE PERSONA |
| 9 (RLIN) |
169445 |
| Nombre de persona |
Uztáriz, Jerónimo de |
| 600 14 - PUNTO DE ACCESO ADICIONAL DE MATERIA--NOMBRE DE PERSONA |
| Nombre de persona |
Rodríguez de Campomanes y Pérez, Pedro, |
| Fechas asociadas al nombre |
1723-1802 |
| 9 (RLIN) |
242105 |
| 600 #4 - PUNTO DE ACCESO ADICIONAL DE MATERIA--NOMBRE DE PERSONA |
| Nombre de persona |
Arriquíbar, Nicolás de, |
| Fechas asociadas al nombre |
1714-1775 |
| 9 (RLIN) |
242106 |
| 600 10 - PUNTO DE ACCESO ADICIONAL DE MATERIA--NOMBRE DE PERSONA |
| 9 (RLIN) |
222580 |
| Nombre de persona |
Jovellanos, Gaspar Melchor de, |
| Fechas asociadas al nombre |
1744-1811 |
| 600 14 - PUNTO DE ACCESO ADICIONAL DE MATERIA--NOMBRE DE PERSONA |
| 9 (RLIN) |
33162 |
| Nombre de persona |
Cabarrús, Francisco |
| Títulos y otros términos asociados al nombre |
, Conde de |
| 600 #4 - PUNTO DE ACCESO ADICIONAL DE MATERIA--NOMBRE DE PERSONA |
| Nombre de persona |
Normante y Carcavilla, Lorenzo, |
| Fechas asociadas al nombre |
1759-1813 |
| 9 (RLIN) |
242107 |
| 600 14 - PUNTO DE ACCESO ADICIONAL DE MATERIA--NOMBRE DE PERSONA |
| 9 (RLIN) |
51802 |
| Nombre de persona |
Foronda, Valentín de |
| 650 #0 - PUNTO DE ACCESO ADICIONAL DE MATERIA--TÉRMINO DE MATERIA |
| Término de materia o nombre geográfico como elemento de entrada |
Economistas- |
| Subdivisión geográfica |
España- |
| Subdivisión general |
Biografías |
| Fuente del encabezamiento o término |
embne |
| 9 (RLIN) |
241162 |
| 655 #0 - TERMINO DE INDIZACIÓN--GENERO/FORMA |
| Datos o término principal de género/forma |
Biografías |
| 9 (RLIN) |
176647 |
| 700 1# - ENTRADA AGREGADA--NOMBRE PERSONAL |
| Nombre de persona |
Perdices Blas, Luis |
| Término indicativo de función/relación |
Coordinador |
| 9 (RLIN) |
90418 |
| 852 ## - LOCALIZACIÓN |
| Ubicación |
ES-MaACL |
| Ubicación en estantería |
Depósito J |
| Número de control de estantería |
N-10566 |
| Encuadernación |
Encuadernación rústica con solapas |
| itemnumber |
206689 |
| Donativo/Legado |
Donación: Editorial |
| 942 ## - ELEMENTOS DE ENTRADA SECUNDARIOS (KOHA) |
| Tipo de ítem Koha |
Libro impreso |
| Suprimir en OPAC |
No |